Logo Biblioteca

Detectives en Córdoba / (Registro nro. 950)

Detalles MARC
000 -LEADER
fixed length control field 01601nam a22003137a 4500
003 - CONTROL NUMBER IDENTIFIER
control field AR-RoUNCS
005 - DATE AND TIME OF LATEST TRANSACTION
control field 20260306135433.0
007 - PHYSICAL DESCRIPTION FIXED FIELD--GENERAL INFORMATION
fixed length control field ta
008 - FIXED-LENGTH DATA ELEMENTS--GENERAL INFORMATION
fixed length control field 160829s2008 ag a jr 001 f spa
015 ## - NATIONAL BIBLIOGRAPHY NUMBER
National bibliography number AR-2008
020 ## - INTERNATIONAL STANDARD BOOK NUMBER
International Standard Book Number 978-978-04-0690-7
040 ## - CATALOGING SOURCE
Original cataloging agency AR-BaBN
Language of cataloging spa
Transcribing agency AR-RoUNCS
Description conventions aacr
044 ## - COUNTRY OF PUBLISHING/PRODUCING ENTITY CODE
MARC country code ag
ISO country code ar-c
080 1# - UNIVERSAL DECIMAL CLASSIFICATION NUMBER
Universal Decimal Classification number 82-31(82)
Edition identifier 2016
100 1# - MAIN ENTRY--PERSONAL NAME
Personal name Brandán Aráoz, María,
Dates associated with a name 1949-
Relator term autora
Relationship aut
245 10 - TITLE STATEMENT
Title Detectives en Córdoba /
Statement of responsibility, etc. María Brandán Aráoz ; ilustraciones de Pez.
250 ## - EDITION STATEMENT
Edition statement 1a ed.
260 ## - PUBLICATION, DISTRIBUTION, ETC.
Place of publication, distribution, etc. Ciudad Autónoma de Buenos Aires :
Name of publisher, distributor, etc. Alfaguara,
Date of publication, distribution, etc. 2008.
300 ## - PHYSICAL DESCRIPTION
Extent 370 p. :
Other physical details il. byn ;
Dimensions 20 cm.
490 0# - SERIES STATEMENT
Series statement Alfaguara Juvenil. Azul
520 3# - SUMMARY, ETC.
Summary, etc. Mauro, Adela, Inés y Pablo van de vacaciones a Córdoba. En la ruta, se encuentran con un camionero que acaba de ser asaltado por unos piratas del asfalto. Mauro se pondrá entonces tras la pista de los ladrones para develar el misterio de esta banda que tiene atemorizados a los productores y comerciantes de la zona. Los detectives se verán inmersos, una vez más, en una aventura llena de persecuciones, peligro y extraños personajes. Una nueva novela de María Brandán Aráoz, para todos los lectores que siguen libro a libro la atrapante saga de los Detectives.
Assigning source (Descripción del editor).
521 1# - TARGET AUDIENCE NOTE
Target audience note Edad sugerida desde los 12 años.
650 #7 - SUBJECT ADDED ENTRY--TOPICAL TERM
Source of heading or term embne
Topical term or geographic name entry element Literatura argentina
655 #7 - INDEX TERM--GENRE/FORM
Genre/form data or focus term Novelas juveniles
Source of term embne
655 #7 - INDEX TERM--GENRE/FORM
Genre/form data or focus term Novelas de acción y aventuras
Source of term embne
700 1# - ADDED ENTRY--PERSONAL NAME
Personal name Pez, Alberto,
Dates associated with a name 1963-
Relator term ilustrador
Relationship ill
751 ## - ADDED ENTRY-GEOGRAPHIC NAME
Geographic name Buenos Aires
Relator term lugar de publicación
Relationship pup
942 ## - ADDED ENTRY ELEMENTS (KOHA)
Source of classification or shelving scheme Universal Decimal Classification
Koha item type Obra General
Suppress in OPAC No
Existencias
Withdrawn status Lost status Source of classification or shelving scheme Damaged status Not for loan Collection Home library Current library Date acquired Source of acquisition Total checkouts Full call number Barcode Date last seen Price effective from Koha item type
    Universal Decimal Classification     Colección General Biblioteca Escuela de Ciencias Sociales Biblioteca Escuela de Ciencias Sociales 06/03/2026 Donación 2024   82-31(82) B817 001279 06/03/2026 06/03/2026 Obra General
Biblioteca de la Escuela Preuniversitaria en Ciencias Sociales y Humanísticas.
Riobamba 250 bis.
CP 2000 - Rosario - Santa Fe
E-Mail: biblioteca@esociales.unr.edu.ar